Financovanie podnikov venture capitalom: podpora inovácie a rastu
Venture capital predstavuje významnú formu externého financovania inovatívnych a rýchlo rastúcich podnikov. Sumarizácia základnej definície venture capital, ekonomickú funkciu, proces investovania, jeho výhody a riziká a identifikácia situácií, v ktorých je tento typ financovania najvhodnejší.
Salvato in:
| Autore principale: | |
|---|---|
| Natura: | Capitolo di libro |
| Lingua: | slovacco |
| Soggetti: | |
| Tags: |
Nessun Tag, puoi essere il primo ad aggiungerne!!
|
MARC
| LEADER | 00000naa$a2200000$$$4500 | ||
|---|---|---|---|
| 001 | 0313927 | ||
| 005 | 20260113083610.3 | ||
| 041 | 0 | |a slo | |
| 044 | |a SK | ||
| 245 | 1 | 0 | |a Financovanie podnikov venture capitalom: podpora inovácie a rastu |c Richard Anné |
| 520 | |a Venture capital predstavuje významnú formu externého financovania inovatívnych a rýchlo rastúcich podnikov. Sumarizácia základnej definície venture capital, ekonomickú funkciu, proces investovania, jeho výhody a riziká a identifikácia situácií, v ktorých je tento typ financovania najvhodnejší. | ||
| 610 | 2 | 0 | |a kapitál rozvojový |
| 610 | 2 | 0 | |a start-up |
| 610 | 2 | 0 | |a financovanie podnikov |
| 610 | 2 | 0 | |a investori |
| 610 | 2 | 0 | |a riziko |
| 610 | 2 | 0 | |a návratnosť investícií |
| 610 | 2 | 0 | |a private equity |
| 100 | 1 | |a Anné, Richard, 1986- | |